000 00827nam a2200241Ia 4500
003 OSt
005 20220926012304.0
006 a|||||r|||| 00| 0
007 ta
008 220923b |||||||| |||| 00| 0 eng d
020 _a9780521459105
_c1193.1400000000001
037 _bRKBA\09-10\4662, 21/06/2012, RAJKIRAN BOOK AGENCY
_cGeneral Book
040 _aRTL
_cRTL
_beng
041 _2eng
_aeng
082 _aY: (G:5).792, Q0
100 _aMcNeill J.R
_9316025
245 0 _aMasquito empires
_b Ecology and war in the greater Caribbean, 1620-1914
260 _aNew York
_bCambridge University Press
_c2010
300 _axviii, 371p.
_ccm.
650 _aSociology
942 _hY: (G:5).792, Q0
_cGB
_2CC
999 _c622383
_d622383